000 00841nam0a22002411 4500
001 rc\3008534
005 20110922161626.4
035 _a(NLR Aleph) 007151214
090 _a7153712
_c7153712
100 _a20050222d1940 |||y0rusy50 ca
101 0 _arus
102 _aRU
105 _ay z ||||y
200 1 _aПролог
_eРоман
_fН.Г. Чернышевский
_gРед., и вступ. статья Н.Ф. Бельчикова ["Смысл романа "Пролог", с. 3-16]
210 _aМинск
_cГИЗБел
_d1940
_eГомель
215 _a368 с.
_d22 см
700 1 _aЧернышевский
_bН. Г.
_f1828-1889
_gНиколай Гаврилович
702 1 _aБельчиков
_bН. Ф.
_4340
801 0 _aRU
_bNLR
_gpsbo
801 1 _aRU
_bELAR
_2rusmarc
852 _aNLR
_j40-4/427
942 _cBOOK
980 _aNB